000 00592nam a2200205Ia 4500
003 OSt
005 20220926041308.0
006 a|||||r|||| 00| 0
007 ta
008 220923b |||||||| |||| 00| 0 eng d
037 _cGeneral Book
040 _aRTL
_cRTL
_beng
041 _2eng
_aeng
082 _aY1xM58x, K3
100 _aDurkheim Emile
_981430
245 0 _aSelections comm by George Simpson.
490 _aMajor Contributions to Social Science Series Ed by Alfred Mc Clung Lee
942 _hY1xM58x, K3
_cGB
_2CC
999 _c666800
_d666800